000 00288nam a2200121Ia 4500
008 190216s9999||||xx |||||||||||||| ||und||
100 _aBalakrishnan Mangad
245 0 _aChillakombil Kootukoodan
260 _bPoorna Pubs Kozhikode
300 _a252
650 _aMalayalam
942 _cBK
999 _c27466
_d27466